000
00310nam a22001337a 4500
008
170621b xxu||||| |||| 00| 0 eng d
020
_a
9780814735060
041
_a
eng
080
_a
328
100
_a
20
101
_a
SHP
245
_a
THE ECONOMIC FOUNDATIONS OF GOVERNMENT
_c
HOLCOMBE,R.G
942
_2
udc
_c
BK
999
_c
18430
_d
18430